Casanova / (Record no. 13098)
[ view plain ]
| 000 -LEADER | |
|---|---|
| fixed length control field | 00959cam a22002771i 4500 |
| 001 - CONTROL NUMBER | |
| control field | 4071913 |
| 003 - CONTROL NUMBER IDENTIFIER | |
| control field | EG-ScBUE |
| 005 - DATE AND TIME OF LATEST TRANSACTION | |
| control field | 20230806105303.0 |
| 008 - FIXED-LENGTH DATA ELEMENTS--GENERAL INFORMATION | |
| fixed length control field | 901012t1969 nyuac f b 001 0 eng d |
| 040 ## - CATALOGING SOURCE | |
| Original cataloging agency | DLC |
| Language of cataloging | eng |
| Description conventions | rda |
| Transcribing agency | DLC |
| Modifying agency | DLC |
| -- | EG-ScBUE |
| 082 04 - DEWEY DECIMAL CLASSIFICATION NUMBER | |
| Classification number | 914.032530924 |
| Edition number | 22 |
| Item number | MAS |
| 100 1# - MAIN ENTRY--PERSONAL NAME | |
| Personal name | Masters, John, |
| Dates associated with a name | 1914-1983, |
| Relator term | author. |
| 9 (RLIN) | 10211 |
| 245 10 - TITLE STATEMENT | |
| Title | Casanova / |
| Statement of responsibility, etc | John Masters. |
| 264 #1 - PUBLICATION, DISTRIBUTION, ETC. (IMPRINT) | |
| Place of publication, distribution, etc | New York : |
| Name of publisher, distributor, etc | Bernard Geis Associates, |
| Date of publication, distribution, etc | [1969] |
| 264 #4 - PUBLICATION, DISTRIBUTION, ETC. (IMPRINT) | |
| Date of publication, distribution, etc | c1969 |
| 300 ## - PHYSICAL DESCRIPTION | |
| Extent | 302 pages : |
| Other physical details | illustrations (some color), portraits (some color) ; |
| Dimensions | 26 cm |
| 336 ## - CONTENT TYPE | |
| Source | rdacontent |
| Content type term | text |
| Content type code | txt |
| 337 ## - MEDIA TYPE | |
| Source | rdamedia |
| Media type term | unmediated |
| Media type code | n |
| 338 ## - CARRIER TYPE | |
| Source | rdacarrier |
| Carrier type term | volume |
| Carrier type code | nc |
| 504 ## - BIBLIOGRAPHY, ETC. NOTE | |
| Bibliography, etc | Includes bibliographical references and index.<br/> |
| 600 17 - SUBJECT ADDED ENTRY--PERSONAL NAME | |
| Personal name | Casanova, Giacomo, |
| Dates associated with a name | 1725-1798. |
| Source of heading or term | BUEsh |
| 9 (RLIN) | 10212 |
| 650 #7 - SUBJECT ADDED ENTRY--TOPICAL TERM | |
| Topical term or geographic name as entry element | Adventure and adventurers |
| Geographic subdivision | Europe |
| General subdivision | Biography. |
| Source of heading or term | BUEsh |
| 9 (RLIN) | 10213 |
| 655 ## - INDEX TERM--GENRE/FORM | |
| Form subdivision | Reading book |
| 942 ## - ADDED ENTRY ELEMENTS (KOHA) | |
| Source of classification or shelving scheme | Dewey Decimal Classification |
| Koha item type | Book - Borrowing |
| Withdrawn status | Lost status | Source of classification or shelving scheme | Damaged status | Not for loan | Collection code | Home library | Current library | Shelving location | Date acquired | Source of acquisition | Total Checkouts | Full call number | Barcode | Date last seen | Price effective from | Koha item type |
|---|---|---|---|---|---|---|---|---|---|---|---|---|---|---|---|---|
| Dewey Decimal Classification | Donation-Gift | Central Library | Central Library | Second Floor | 05/01/2010 | Donation | 914.032530924 MAS | 000019330 | 15/07/2025 | 05/01/2010 | Book - Borrowing |